000 01364cam a2200325 i 4500
001 19285558
003 OSt
005 20230819114139.0
008 160922s2018 nyu 001 0 eng
010 _a 2016031095
020 _a9789353067021
020 _a9780134633282
040 _aDLC
_beng
_cDLC
_erda
_dDLC
042 _apcc
050 0 0 _aHD38.7
_b.B8714 2018
082 0 0 _a658.472
_bSHA/B
100 1 _aSharda, Ramesh
_eauthor.
_99326
240 1 0 _aBusiness intelligence
245 1 0 _aBusiness intelligence, analytics, and data science :
_ba managerial perspective /
_cRamesh Sharda, Oklahoma State University, Dursun Delen, Oklahoma State University, Efraim Turban, University of Hawaii ; with contributions to previous editions by, J. E. Aronson, The University of Georgia, Ting-Peng Liang, National Sun Yat-sen University, David King, JDA Software Group, Inc.
250 _aFourth edition.
264 1 _aNew York, NY:
_bPearson,
_c[2018]
300 _a512 pages ;
_c26 cm
500 _aEarlier edition published as: Business intelligence : a managerial perspective on analytics.
500 _aIncludes index.
650 0 _aBusiness intelligence.
650 0 _aIndustrial management.
700 1 _aDelen, Dursun,
_eauthor.
700 1 _aTurban, Efraim,
_eauthor.
942 _2ddc
_cBK
_h658.472
_iSHA/B
_k658.472
_mSHA/B
999 _c41908
_d41908